| 000 | 00594nam a2200241Ia 4500 | ||
|---|---|---|---|
| 008 | 141004s9999 xx 000 0 und d | ||
| 020 | _a978 81 7829 918 1 | ||
| 040 | _ca | ||
| 041 | _aEnglish | ||
| 082 | _a1.42 | ||
| 082 | _bOLI/WR | ||
| 100 | _aPaul Oliver | ||
| 245 | _aWriting your thesis | ||
| 245 | _cPaul Oliver | ||
| 260 | _aLos angeles | ||
| 260 | _bSage publications | ||
| 260 | _c2008 | ||
| 300 | _a174 p. | ||
| 300 | _b24 cm | ||
| 365 | _aRs.295 | ||
| 501 | _aKAUCOF | ||
| 942 | _cBK | ||
| 999 |
_c305965 _d305965 |
||